| 000 | 00362nam a2200157Ia 4500 | ||
|---|---|---|---|
| 008 | 210210b1965 xxu||||| |||| 00| 0 eng d | ||
| 041 | _aeng | ||
| 082 | _a828/561 | ||
| 100 | _aSCHLESINGER (A M) | ||
| 245 | _aThousand days | ||
| 260 |
_aLondon _bAndre Deutsch Ltd., _c1965 |
||
| 650 | _aThousand | ||
| 650 | _adays | ||
| 690 | _aBiography | ||
| 906 | _a016405 | ||
| 999 |
_c135931 _d135931 |
||